| 000 | 00900nam a2200217Ia 4500 | ||
|---|---|---|---|
| 003 | OSt | ||
| 005 | 20241120095219.0 | ||
| 007 | ca aa aaaaa | ||
| 008 | 201103s9999 xx 000 0 und d | ||
| 040 | _cSSBUL | ||
| 041 | _abur | ||
| 082 |
_a၂၉၄.၃၈၂၄၁ ရေ _223 _b၉၂၀၂ S-SAT |
||
| 100 |
_a ရေဝတထေရ်၊ ဘဒ္ဒန္တ _955066 |
||
| 245 | 1 | 0 |
_aနိဗ္ဗာနသစ္ဆိကရဏီယကျမ်း / _cသစ္စဒီပကဆရာတော် ဘဒ္ဒန္တရေဝတ။ |
| 250 | _a စတုထ္ထကြိမ် | ||
| 260 |
_aရန်ကုန် ၊ _bသာသနာရေးဦးစီးဌာန ၊ _c၁၉၈၀။ |
||
| 300 |
_a၂၈၁ စာမျက်နှာ၊ _c၂၁ စင်တီ။ |
||
| 500 | _aS-SAT: Dr.Sai Aung Tun Collection | ||
| 650 | _aအဘိဓမ္မာ | ||
| 942 |
_cBK1 _2ddc |
||
| 999 |
_c19101 _d19101 |
||